000 00326nam a22001337a 4500
008 180302b xxu||||| |||| 00| 0 eng d
020 _a078073531233
041 _aeng
080 _a371
100 _a25
101 _aEDU
245 _aReading & Writing Informational Text in the Primary Grades
_cDuke, N.K
942 _2udc
_cBK
999 _c44056
_d44056